000 00286nam a2200109Ia 4500
008 230907s9999||||xx |||||||||||||| ||und||
082 _a621.4021
_bREI
100 _aReisel, John R.,
_919194
245 0 _aPrinciples of engineering thermodynamics /
300 _a463 pages :
942 _cBK
999 _c600718
_d600718